000 00244nam a22000857a 4500
008 160914b xxu||||| |||| 00| 0 eng d
100 _9475
_aGupta.R.K
245 _aEnglish Communicative-T.P-II (Class X )
260 _aNew Delhi
_bL.P. Publications
_c2011
999 _c3132
_d3132